|
|
|
|
| LEADER |
00000nam a22000007a 4500 |
| 005 |
20210517220859.0 |
| 007 |
cr|||| |||| |
| 008 |
210517s2018 co |||||s|||| 00||0 spa d |
| 020 |
|
|
|a 978-958-762-812-8
|
| 035 |
|
|
|a 33427
|
| 040 |
|
|
|a vLex
|
| 090 |
|
|
|c 11702
|d 11702
|
| 100 |
1 |
|
|a Butrn̤ Palacio, Efran̕
|
| 245 |
1 |
0 |
|a Sistema de Gestin̤ de riesgos en Seguridad y Salud en el Trabajo
|h [Recurso electrn̤ico] :
|b Paso a paso para el diseǫ prc̀tico del SG-SST /
|c Efran̕ Butrn̤ Palacio
|
| 256 |
|
|
|a Servicio en ln̕ea
|
| 260 |
|
|
|a Bogot:̀
|b Ediciones de la U,
|c 2018
|
| 300 |
|
|
|a 1 recurso electrn̤ico
|
| 500 |
|
|
|a Despuš de muchos aǫs de consultora̕ y asesora̕ empresarial en busca de una herramienta para el cambio de los programas de salud en el trabajo, desde el pensamiento lineal al sistm̌ico, nace la obra: Sistema de gestin̤ de riesgos en Seguridad y salud en el trabajo, paso a paso, como una alternativa de solucin̤ para encontrar una gua̕ prc̀tica que asegure el x̌ito de las organizaciones.Este x̌ito se ver ̀reflejado en la mejora del entorno de trabajo y proyectar su permanencia en el mercado con competitividad y productividad para el logro de la mejora continua y sostenibilidad. El libro contiene, paso a paso, lo requerido para construir su sistema de Seguridad y Salud, encontrando en ľ los requisitos y la gua̕ necesaria para lograrlo, con ejemplos, esquemas y dibujos que ilustran la informacin̤.Este libro est ̀dirigido a los responsables de los sistemas de seguridad y salud, desde todos los niveles de la organizacin̤, a los mandos medios, a los responsables de la gestin̤ humana, a los directivos que sobrepasaron la concepcin̤ de ser solo jefes, a los supervisores de produccin̤, estudiantes de seguridad y salud y profesiones afines y en general a todos los que necesitan planificar y aplicar el sistema de gestin̤ en seguridad y salud en el trabajo.Esta obra es fruto de una amplia investigacin̤ en muchas empresas encaminado a los enfoques de la tendencia mundial en cuanto a seguridad y salud formando ld̕eres, dentro de las organizaciones saludables, bajo la cultura del autocuidado y el cuidado de los dems̀.
|
| 506 |
1 |
|
|a Disponible solo en los productos indicados
|d vLex Global
|d vLex Global (Academic Edition, excluding Law Schools)
|d vLex Global (U.S. Academic Edition, Law Schools)
|d vLex Global (U.S. Academic Edition, excluding Law Schools)
|d vLex Global (Academic Edition, Law Schools)
|
| 650 |
4 |
0 |
|a Seguridad y Salud Laboral
|z Colombia
|
| 740 |
0 |
|
|a vLex Libros (Servicio en ln̕ea)
|
| 856 |
4 |
0 |
|u https://vlex.com/source/sistema-de-gestion-de-riesgos-en-seguridad-y-salud-en-el-trabajo-paso-a-paso-para-el-dise-o-practico-del-sg-sst-33427
|z Acceso restringido
|
| 942 |
|
|
|c BOOK
|
| 999 |
0 |
|
|a Occupational Health & Safety
|